000
00343nam a2200157Ia 4500
008
210210b1925 xxu||||| |||| 00| 0 eng d
041
_a
eng
082
_a
883/22
100
_a
BHASKARA
245
_a
Unmatta rAghAva
260
_a
Bombay
_b
-
_c
1925
650
_a
Unmatta
650
_a
rAghAva
690
_a
Sanskrit Drama
906
_a
024352
999
_c
149842
_d
149842